LEADER 01037nam0-22003491i-450- 001 990003794060403321 005 20031110132510.0 010 $a0-416-00612-4 035 $a000379406 035 $aFED01000379406 035 $a(Aleph)000379406FED01 035 $a000379406 100 $a20030910d--------km-y0itay50------ba 101 0 $aita 105 $ay-------001yy 200 1 $aImpacts and Influences$eessays on media power in the twentieth century$fedited by James Curran, Anthony Smith and Pauline Wingate 205 $a1. ed. 210 $aLondon$cMethuen$d1987 215 $aix, 348 p.$ctab., fig.$d23 cm 610 0 $aMezzi di comunicazione di massa$aAspetti sociali 676 $a302.234 676 $a302.23 702 1$aCurran,$bJames 702 1$aSmith,$bAnthony$f<1938- > 702 1$aWingate,$bPauline 801 0$aIT$bUNINA$gRICA$2UNIMARC 901 $aBK 912 $a990003794060403321 952 $a302.234 CUR 1$b3927$fBFS 959 $aBFS 996 $aImpacts and Influences$9506709 997 $aUNINA LEADER 00878nam0-22002891i-450 001 990007335950403321 005 20200326155446.0 035 $a000733595 035 $aFED01000733595 035 $a(Aleph)000733595FED01 035 $a000733595 100 $a20021021d1980----km-y0itay50------ba 101 0 $aita 200 1 $a<>tempo della politica$ela linea, la poesia, l'organizzazione del movimento operaio alla base della crisi capitalistica$fTronti 210 $as.l.$cRiuniti$d1980 610 0 $aMovimento operaio$aPolitica$a1968 - 1978 676 $a322.2$v22$zita 700 1$aTronti,$bMario$f<1931- >$050029 801 0$aIT$bUNINA$gRICA$2UNIMARC 901 $aBK 912 $a990007335950403321 951 $aXV D 86$b2360$dXV D 86 952 $aDIC TRO 8$fbfs$b1025 959 $aDTE 959 $aBFS 996 $aTempo della politica$987303 997 $aUNINA